[Event "Calvia Amateur op 9th"]
[Site "Calvia"]
[Date "2012.10.12"]
[Round "7"]
[White "Munoz Agullo, Jose Francisco"]
[Black "Tolhuizen, Ludo"]
[Result "1/2-1/2"]
[WhiteElo "2241"]
[BlackElo "2186"]
[PlyCount "34"]
[EventDate "2012.10.06"]
[EventType "swiss"]
[EventRounds "9"]
[EventCountry "ESP"]
[SourceTitle "EXT 2013"]
[Source "ChessBase"]
[SourceDate "2012.11.22"]
[SourceVersion "1"]
[SourceVersionDate "2012.11.22"]
[SourceQuality "1"]

1. d4 e6 2. c4 f5 3. g3 Nf6 4. Bg2 c6 5. Nf3 d5 6. 0-0 Bd6 7. b3 Qe7 8. a4 a5 9. Ba3 Bxa3 10. Nxa3 0-0 11. Nc2 b6 12. Nce1 Bb7 13. Nd3 Na6 14. cxd5 cxd5 15. Nfe5 Rac8 16. f3 Nb4 17. Rc1 Rxc1 1/2-1/2

[Event "Calvia Amateur op 9th"]
[Site "Calvia"]
[Date "2012.10.08"]
[Round "3"]
[White "Munoz Agullo, Jose Francisco"]
[Black "Van den Bersselaar, Jeroen"]
[Result "1-0"]
[WhiteElo "2241"]
[BlackElo "2196"]
[PlyCount "52"]
[EventDate "2012.10.06"]
[EventType "swiss"]
[EventRounds "9"]
[EventCountry "ESP"]
[SourceTitle "EXT 2013"]
[Source "ChessBase"]
[SourceDate "2012.11.22"]
[SourceVersion "1"]
[SourceVersionDate "2012.11.22"]
[SourceQuality "1"]

1. d4 d5 2. c4 c6 3. Nf3 Nf6 4. Qc2 dxc4 5. Qxc4 Bf5 6. Nc3 e6 7. g3 Nbd7 8. Bg2 Be7 9. 0-0 0-0 10. Rd1 Ne4 11. Ne1 Nxc3 12. bxc3 Nf6 13. Nd3 Rc8 14. Rb1 b5 15. Qb3 Qa5 16. Bg5 Rfe8 17. Bxf6 gxf6 18. e4 Bg4 19. f3 Bh5 20. h4 Bg6 21. g4 h6 22. f4 f5 23. exf5 exf5 24. Ne5 Kg7 25. h5 Rh8 26. Bf1 Qd8 1-0

[Event "Mallorca-chT Preferente"]
[Site "Palma de Mallorca"]
[Date "2012.02.11"]
[Round "2.2"]
[White "Munoz Agullo, Jose Francisco"]
[Black "Munoz Visiedo, Juan Carlos"]
[Result "0-1"]
[WhiteElo "2254"]
[BlackElo "2141"]
[PlyCount "102"]
[EventDate "2012.01.28"]
[EventType "team"]
[EventRounds "9"]
[EventCountry "ESP"]
[SourceTitle "EXT 2014"]
[Source "ChessBase"]
[SourceDate "2013.11.20"]
[SourceVersion "1"]
[SourceVersionDate "2013.11.20"]
[SourceQuality "1"]
[WhiteTeam "Binissalem"]
[BlackTeam "Tropic"]
[WhiteTeamCountry "ESP"]
[BlackTeamCountry "ESP"]

1. d4 Nf6 2. c4 e6 3. Nc3 d5 4. cxd5 exd5 5. Bg5 c6 6. e3 Bd6 7. Bd3 0-0 8. Qc2 h6 9. Bh4 Re8 10. Nge2 Nbd7 11. h3 Nf8 12. 0-0-0 g5 13. Bg3 Kg7 14. h4 Ng6 15. hxg5 hxg5 16. Bxd6 Qxd6 17. Bxg6 fxg6 18. Ng3 Bg4 19. Rde1 Re7 20. Qd2 Rae8 21. e4 Qf4 22. e5 Qxd2+ 23. Kxd2 Nd7 24. Rh2 Rh8 25. Reh1 Rxh2 26. Rxh2 Be6 27. Ke3 c5 28. dxc5 Nxe5 29. Kd4 Nc6+ 30. Kd3 Ne5+ 31. Kd4 Nc6+ 32. Kd3 Rf7 33. f3 g4 34. fxg4 Bxg4 35. a3 a5 36. Nge2 Bf5+ 37. Kd2 d4 38. Nb5 d3 39. Ng3 Ne5 40. Nd6 Rd7 41. Ngxf5+ gxf5 42. Nxf5+ Kg6 43. Ne3 Rf7 44. Ke1 Re7 45. Kd1 Nd7 46. Kd2 Nxc5 47. Rh4 a4 48. Rc4 b6 49. Rg4+ Kh5 50. Rf4 Rd7 51. Rf6 Ne4+ 0-1

[Event "ESP-chT Autonomicas 5th"]
[Site "Tossa de Mar"]
[Date "2010.05.01"]
[Round "5.44"]
[White "Sanchez Aller, Fernando"]
[Black "Munoz Agullo, Jose Francisco"]
[Result "0-1"]
[WhiteElo "2290"]
[BlackElo "2274"]
[PlyCount "102"]
[EventDate "2010.04.29"]
[EventType "team-swiss"]
[EventRounds "6"]
[EventCountry "ESP"]
[SourceTitle "CBM 136 Extra"]
[Source "ChessBase"]
[SourceDate "2010.07.02"]
[SourceVersion "2"]
[SourceVersionDate "2010.07.15"]
[SourceQuality "1"]
[WhiteTeam "Galicia"]
[BlackTeam "Baleares"]
[WhiteTeamCountry "ESP"]
[BlackTeamCountry "ESP"]

1. e4 c5 2. Nc3 e6 3. Nf3 a6 4. g3 b5 5. d4 cxd4 6. Nxd4 Bb7 7. Bg2 Nf6 8. 0-0 d6 9. Re1 e5 10. Nf5 g6 11. Ne3 Bg7 12. a4 bxa4 13. Nc4 0-0 14. Qxd6 Nbd7 15. Bg5 Rc8 16. Nxe5 Nxe5 17. Qxe5 Re8 18. Qf4 h6 19. Bxh6 Nh5 20. Qd2 Bxc3 21. bxc3 Qa5 22. g4 Nf6 23. Qd4 Qxc3 24. Qxc3 Rxc3 25. h3 Nxe4 26. Rxa4 f5 27. Rb1 Bc8 28. Ra2 Kf7 29. Be3 Rxe3 30. fxe3 Nc3 31. Rab2 Nxb1 32. Rxb1 Rxe3 33. g5 Rc3 34. Rb6 Rxc2 35. Bd5+ Kg7 36. Bc6 a5 37. Be8 Rc3 38. Rxg6+ Kf8 39. Bb5 Rxh3 40. Bc4 Bd7 41. Rf6+ Ke7 42. Kf2 Rh4 43. Bd5 Rg4 44. Rg6 a4 45. Rg7+ Kd6 46. Bf3 Rb4 47. Rg6+ Be6 48. Rg7 a3 49. Ra7 a2 50. g6 Rb1 51. Ra6+ Ke7 0-1

[Event "ESP-chT Div 1 Gr-A"]
[Site "Barbera del Valles"]
[Date "2009.08.13"]
[Round "3"]
[White "Munoz Agullo, Jose Francisco"]
[Black "Ibanez Aullana, Jose Ramon"]
[Result "1/2-1/2"]
[WhiteElo "2279"]
[BlackElo "2273"]
[PlyCount "110"]
[EventDate "2009.08.11"]
[EventType "tourn"]
[EventRounds "3"]
[EventCountry "ESP"]
[SourceTitle "CBM 131 Extra"]
[Source "ChessBase"]
[SourceDate "2009.09.03"]
[SourceVersion "2"]
[SourceVersionDate "2009.09.16"]
[SourceQuality "1"]

1. c4 Nf6 2. Nc3 e5 3. Nf3 Nc6 4. e3 Be7 5. d4 d6 6. Be2 0-0 7. d5 Nb8 8. e4 Ne8 9. h3 g6 10. Bh6 Ng7 11. g4 Nd7 12. Rg1 Nf6 13. Qd2 Kh8 14. 0-0-0 a6 15. Bd3 Bd7 16. Ne2 c6 17. Ng3 b5 18. Kb1 bxc4 19. Bxc4 cxd5 20. Bxd5 Nxd5 21. Qxd5 Be6 22. Qd2 Rg8 23. Ng5 Qb6 24. Rc1 Rab8 25. Rc2 a5 26. Nf1 Qb4 27. Ne3 Bxg5 28. Qxb4 Rxb4 29. Bxg5 Rxe4 30. Rd1 Rd4 31. Rcd2 Rxd2 32. Rxd2 Ne8 33. Be7 Kg7 34. b3 h6 35. Kb2 f5 36. Bxd6 Kf6 37. f3 f4 38. Nc4 Nxd6 39. Rxd6 Kg5 40. Kc3 Kh4 41. Kd3 Bxc4+ 42. bxc4 Kxh3 43. c5 Kg3 44. Ke4 h5 45. gxh5 gxh5 46. c6 h4 47. c7 Rc8 48. Rg6+ Kf2 49. Rg7 h3 50. Rh7 Kg2 51. Rg7+ Kf2 52. Rh7 Kg2 53. Kxe5 Kxf3 54. Rxh3+ Kg2 55. Rh7 Kg3 1/2-1/2

[Event "ESP-chT Div 1 Gr-A"]
[Site "Barbera del Valles"]
[Date "2009.08.12"]
[Round "2"]
[White "Gomez Esteban, Juan Mario"]
[Black "Munoz Agullo, Jose Francisco"]
[Result "1-0"]
[WhiteElo "2478"]
[BlackElo "2279"]
[PlyCount "117"]
[EventDate "2009.08.11"]
[EventType "tourn"]
[EventRounds "3"]
[EventCountry "ESP"]
[SourceTitle "CBM 131 Extra"]
[Source "ChessBase"]
[SourceDate "2009.09.03"]
[SourceVersion "2"]
[SourceVersionDate "2009.09.16"]
[SourceQuality "1"]

1. d4 Nf6 2. Nf3 d5 3. c4 e6 4. Nc3 Be7 5. Bf4 0-0 6. e3 c5 7. dxc5 Bxc5 8. cxd5 Nxd5 9. Nxd5 exd5 10. a3 Nc6 11. Bd3 Bd6 12. Bxd6 Qxd6 13. 0-0 Qf6 14. Qb3 Rd8 15. Rac1 Bg4 16. Be2 Rd7 17. Rfd1 Rad8 18. h3 Bh5 19. Rc5 Bxf3 20. Bxf3 d4 21. Bxc6 bxc6 22. Rxd4 Rxd4 23. exd4 g6 24. Qc3 Rxd4 25. Rxc6 Qe5 26. Rc8+ Kg7 27. Rd8 Re4 28. Qxe5+ Rxe5 29. Kf1 a5 30. Rd4 Kf6 31. b4 axb4 32. axb4 Ke6 33. g4 h5 34. f3 hxg4 35. hxg4 f5 36. Kf2 fxg4 37. Rxg4 Kf6 38. Rf4+ Kg5 39. Rc4 Re6 40. b5 Kf5 41. Rc5+ Kf4 42. Rc6 Re5 43. Rc4+ Kf5 44. Rb4 Re7 45. b6 Rb7 46. Kg3 Kg5 47. Rb5+ Kf6 48. Kf4 Kf7 49. Kg5 Kg7 50. f4 Kf7 51. Kg4 Kf6 52. Kf3 Ke6 53. Ke4 Kd6 54. Rg5 Re7+ 55. Kf3 Re6 56. Rb5 Re8 57. b7 Rb8 58. Kg4 Kc6 59. Rb1 1-0

[Event "Calvia U2300 opB"]
[Site "Mallorca"]
[Date "2004.10.28"]
[Round "8"]
[White "Munoz Agullo, Jose Francisco"]
[Black "Cruz Condori, Alfredo"]
[Result "1-0"]
[WhiteElo "2289"]
[BlackElo "2179"]
[PlyCount "81"]
[EventDate "2004.10.22"]
[EventType "swiss"]
[EventRounds "9"]
[EventCountry "ESP"]
[SourceTitle "EXT 2005"]
[Source "ChessBase"]
[SourceDate "2004.11.15"]
[SourceVersion "1"]
[SourceVersionDate "2004.11.15"]
[SourceQuality "1"]

1. c4 e5 2. g3 Nf6 3. Bg2 g6 4. Nc3 Bg7 5. Nf3 Nc6 6. 0-0 0-0 7. Rb1 a5 8. a3 d6 9. d3 Bf5 10. b4 axb4 11. axb4 Qd7 12. b5 Nd8 13. Ng5 h6 14. Nge4 Nxe4 15. Nxe4 Qe6 16. Bd2 Bh3 17. Bxh3 Qxh3 18. b6 f5 19. bxc7 fxe4 20. cxd8Q Raxd8 21. dxe4 Rd7 22. Be3 Kh7 23. Qd5 Rc8 24. Rfc1 Rcc7 25. Rb6 h5 26. f3 Bh6 27. Bxh6 Kxh6 28. Rxd6 Re7 29. Rb1 Qc8 30. Rbb6 Qe8 31. Qd2+ Kh7 32. Qg5 Rg7 33. Re6 Qf7 34. Qxe5 Rxc4 35. Kf2 Rc2 36. Rbd6 Qc7 37. Rxg6 Rxe2+ 38. Kxe2 Qc2+ 39. Kf1 Qb1+ 40. Kg2 Qb2+ 41. Qxb2 1-0

[Event "Calvia U2300 opB"]
[Site "Mallorca"]
[Date "2004.10.26"]
[Round "6"]
[White "Munoz Agullo, Jose Francisco"]
[Black "Potapov, Alexander"]
[Result "0-1"]
[WhiteElo "2289"]
[BlackElo "2206"]
[PlyCount "67"]
[EventDate "2004.10.22"]
[EventType "swiss"]
[EventRounds "9"]
[EventCountry "ESP"]
[SourceTitle "EXT 2005"]
[Source "ChessBase"]
[SourceDate "2004.11.15"]
[SourceVersion "1"]
[SourceVersionDate "2004.11.15"]
[SourceQuality "1"]

1. d4 d6 2. e4 Nf6 3. Nc3 e5 4. Nf3 Nbd7 5. Bc4 Be7 6. 0-0 0-0 7. dxe5 dxe5 8. Qe2 c6 9. a4 Qc7 10. h3 Nc5 11. Rd1 Be6 12. Bxe6 Nxe6 13. Be3 b6 14. Qc4 a6 15. Ng5 Nc5 16. Bxc5 Bxc5 17. Nf3 Qe7 18. g3 b5 19. axb5 axb5 20. Qe2 g6 21. Kg2 Kg7 22. Rxa8 Rxa8 23. Qd3 Qc7 24. Ne2 Ra4 25. Nc3 Ra8 26. Rd2 Bb4 27. Rd1 h5 28. Ne2 Be7 29. Nc1 Rd8 30. Qe2 Rxd1 31. Qxd1 Nxe4 32. Qe2 f5 33. Nd3 Nf6 34. Nfxe5 0-1

[Event "Calvia U2300 opB"]
[Site "Mallorca"]
[Date "2004.10.22"]
[Round "2"]
[White "Munoz Agullo, Jose Francisco"]
[Black "Schroer, Marcel"]
[Result "1-0"]
[WhiteElo "2289"]
[BlackElo "2003"]
[PlyCount "56"]
[EventDate "2004.10.22"]
[EventType "swiss"]
[EventRounds "9"]
[EventCountry "ESP"]
[SourceTitle "EXT 2005"]
[Source "ChessBase"]
[SourceDate "2004.11.15"]
[SourceVersion "1"]
[SourceVersionDate "2004.11.15"]
[SourceQuality "1"]

1. c4 Nf6 2. Nc3 d5 3. d4 g6 4. e3 Bg7 5. Qb3 dxc4 6. Bxc4 0-0 7. Nf3 Nc6 8. Be2 e5 9. dxe5 Ng4 10. e6 Bxe6 11. Qxb7 Qd6 12. Qa6 Rab8 13. 0-0 Rb6 14. Qa4 Nce5 15. Nxe5 Nxe5 16. Rd1 Qe7 17. Rb1 Rb4 18. Qc2 Qc5 19. e4 Bxa2 20. Be3 Qc6 21. Qd2 Bxb1 22. Nd5 Qa4 23. Nxb4 Bxe4 24. Bc5 Re8 25. Bf1 Bf8 26. Bxf8 Kxf8 27. Re1 Bb7 28. Qc3 Qa5 1-0

[Event "Binissalem op 16th"]
[Site "Binissalem"]
[Date "2003.09.13"]
[Round "5"]
[White "Munoz Agullo, Jose Francisco"]
[Black "Gamundi Salamanca, Antonio"]
[Result "0-1"]
[WhiteElo "2294"]
[BlackElo "2453"]
[PlyCount "86"]
[EventDate "2003.09.05"]
[EventType "swiss"]
[EventRounds "9"]
[EventCountry "ESP"]
[SourceTitle "EXT 2004"]
[Source "ChessBase"]
[SourceDate "2003.11.25"]
[SourceVersion "1"]
[SourceVersionDate "2003.11.25"]
[SourceQuality "1"]

1. d4 Nf6 2. c4 e6 3. Nf3 b6 4. a3 Bb7 5. Nc3 d5 6. cxd5 Nxd5 7. e3 Be7 8. Bb5+ c6 9. Bd3 Nd7 10. e4 Nxc3 11. bxc3 c5 12. 0-0 0-0 13. Qe2 Rc8 14. Bb2 Qc7 15. Rfe1 Rfd8 16. Rad1 Nf6 17. Ne5 Rf8 18. f4 b5 19. Bb1 b4 20. cxb4 cxb4 21. axb4 Bxb4 22. Rf1 Qb6 23. Rf3 a5 24. Rg3 Ba6 25. Qf3 Be1 26. Qb3 Qxb3 27. Rxb3 Bb4 28. Re3 Bb5 29. h3 Ba4 30. Rf1 Bc2 31. Re2 Bb3 32. g4 Rfd8 33. Re3 a4 34. Kf2 Bd2 35. Rf3 Bc2 36. Ke2 Nxe4 37. Ba2 Bc3 38. f5 Bxb2 39. fxe6 Bb3 40. Bxb3 axb3 41. exf7+ Kf8 42. Rxb3 Bxd4 43. Nd3 Ng3+ 0-1

[Event "VLC CS-chT Preferente"]
[Site "Spain"]
[Date "2003.??.??"]
[Round "?"]
[White "Munoz Agullo, Jose Francisco"]
[Black "Garcia Amoros, Pablo"]
[Result "1/2-1/2"]
[WhiteElo "2294"]
[BlackElo "2162"]
[PlyCount "44"]
[EventDate "2003.??.??"]
[EventType "team-tourn"]
[EventRounds "11"]
[EventCountry "ESP"]
[SourceTitle "EXT 2007"]
[Source "ChessBase"]
[SourceDate "2006.11.23"]
[SourceVersion "1"]
[SourceVersionDate "2006.11.23"]
[SourceQuality "1"]

1. d4 Nf6 2. c4 g6 3. Nc3 Bg7 4. e4 d6 5. Bd3 0-0 6. Nge2 c6 7. 0-0 e5 8. d5 cxd5 9. cxd5 Nbd7 10. Ng3 Nc5 11. Bc2 a5 12. a3 Bd7 13. Rb1 a4 14. Be3 Qa5 15. f3 Rfc8 16. Rf2 b5 17. Na2 h5 18. Nb4 h4 19. Ne2 Nh5 20. Qd2 Na6 21. Bd3 Nxb4 22. axb4 Qd8 1/2-1/2

[Event "Palma de Mallorca-chT"]
[Site "Palma de Mallorca"]
[Date "2003.??.??"]
[Round "5"]
[White "Schenk, Andreas"]
[Black "Munoz Agullo, Jose Francisco"]
[Result "0-1"]
[WhiteElo "2478"]
[BlackElo "2294"]
[PlyCount "64"]
[EventDate "2003.??.??"]
[EventType "team-tourn"]
[EventRounds "10"]
[EventCountry "ESP"]
[SourceTitle "EXT 2007"]
[Source "ChessBase"]
[SourceDate "2006.11.23"]
[SourceVersion "1"]
[SourceVersionDate "2006.11.23"]
[SourceQuality "1"]

1. Nf3 Nf6 2. c4 g6 3. b3 Bg7 4. Bb2 c5 5. g3 d6 6. d4 Ne4 7. Bg2 Qa5+ 8. Nfd2 Nxd2 9. Qxd2 Qxd2+ 10. Nxd2 Bxd4 11. Bxd4 cxd4 12. Rd1 Nc6 13. Nf3 e5 14. e3 dxe3 15. Rxd6 Ke7 16. c5 exf2+ 17. Kxf2 f6 18. Nd2 Rd8 19. Nc4 Be6 20. Rxd8 Nxd8 21. Rc1 Bxc4 22. Rxc4 Rc8 23. Ke3 Rc7 24. Kd3 f5 25. b4 e4+ 26. Ke3 Ne6 27. g4 Kf6 28. gxf5 gxf5 29. Rc2 Ke5 30. Rd2 f4+ 31. Ke2 f3+ 32. Bxf3 Nd4+ 0-1

[Event "ESP-chT Div 2"]
[Site "Cala Galdana"]
[Date "1999.11.13"]
[Round "6"]
[White "Munoz Agullo, Jose Francisco"]
[Black "Visier Segovia, Fernando"]
[Result "1/2-1/2"]
[WhiteElo "2297"]
[BlackElo "2265"]
[PlyCount "20"]
[EventDate "1999.11.08"]
[EventType "team-tourn"]
[EventRounds "9"]
[EventCountry "ESP"]
[SourceTitle "CBM 073 Extra"]
[Source "ChessBase"]
[SourceDate "2000.01.11"]
[SourceVersion "1"]
[SourceVersionDate "2000.01.11"]
[SourceQuality "1"]

1. d4 Nf6 2. Nf3 g6 3. Nc3 Bg7 4. e4 d6 5. h3 0-0 6. Be3 c6 7. a4 a5 8. Be2 Na6 9. 0-0 Qc7 10. Qd2 e5 1/2-1/2

[Event "ESP-chT Div 2"]
[Site "Cala Galdana"]
[Date "1999.11.11"]
[Round "4"]
[White "Estremera Panos, Sergio"]
[Black "Munoz Agullo, Jose Francisco"]
[Result "0-1"]
[WhiteElo "2387"]
[BlackElo "2297"]
[PlyCount "68"]
[EventDate "1999.11.08"]
[EventType "team-tourn"]
[EventRounds "9"]
[EventCountry "ESP"]
[SourceTitle "CBM 073 Extra"]
[Source "ChessBase"]
[SourceDate "2000.01.11"]
[SourceVersion "1"]
[SourceVersionDate "2000.01.11"]
[SourceQuality "1"]

1. d4 Nf6 2. c4 e6 3. Nf3 Bb4+ 4. Nbd2 b6 5. a3 Bxd2+ 6. Qxd2 Bb7 7. e3 d6 8. Be2 Nbd7 9. b4 0-0 10. Bb2 Qe7 11. 0-0 Ne4 12. Qc2 f5 13. Ne1 Qh4 14. f3 Ng5 15. d5 Rae8 16. Qa4 Nf6 17. Qxa7 Rb8 18. Rd1 f4 19. e4 e5 20. Nd3 Nd7 21. Nf2 Nf7 22. Qa4 Qe7 23. Qc2 g5 24. Nd3 Bc8 25. Rc1 Nf6 26. c5 bxc5 27. bxc5 g4 28. cxd6 cxd6 29. Nb4 Qe8 30. Qc7 Qd7 31. Qc3 Ng5 32. Nc6 Ra8 33. Qb4 Nf7 34. Qe1 Ng5 0-1

[Event "ESP-chT Div 2"]
[Site "Cala Galdana"]
[Date "1999.11.09"]
[Round "2"]
[White "Munoz Agullo, Jose Francisco"]
[Black "Serra Pages, Jordi"]
[Result "1-0"]
[WhiteElo "2297"]
[BlackElo "2155"]
[PlyCount "45"]
[EventDate "1999.11.08"]
[EventType "team-tourn"]
[EventRounds "9"]
[EventCountry "ESP"]
[SourceTitle "CBM 073 Extra"]
[Source "ChessBase"]
[SourceDate "2000.01.11"]
[SourceVersion "1"]
[SourceVersionDate "2000.01.11"]
[SourceQuality "1"]

1. d4 Nf6 2. c4 g6 3. Nc3 Bg7 4. e4 d6 5. h3 c5 6. d5 0-0 7. Bg5 h6 8. Be3 Kh7 9. Bd3 Nbd7 10. Nf3 b6 11. Qd2 Ne5 12. Nxe5 dxe5 13. g4 Ne8 14. 0-0-0 Nd6 15. Rhg1 a6 16. f4 exf4 17. Bxf4 b5 18. e5 Nxc4 19. Qe2 Nb6 20. g5 hxg5 21. Rxg5 Rh8 22. e6 f5 23. Rxg6 1-0

[Event "Asturias Preferente-chT"]
[Site "Spain"]
[Date "1997.??.??"]
[Round "?"]
[White "Valentin Pascual, Cesar Emilio"]
[Black "Munoz Agullo, Jose Francisco"]
[Result "0-1"]
[WhiteElo "2185"]
[BlackElo "2255"]
[PlyCount "52"]
[EventDate "1997.??.??"]
[EventType "team-tourn"]
[EventRounds "11"]
[EventCountry "ESP"]
[SourceTitle "EXT 2007"]
[Source "ChessBase"]
[SourceDate "2006.11.23"]
[SourceVersion "1"]
[SourceVersionDate "2006.11.23"]
[SourceQuality "1"]

1. d4 Nf6 2. Nf3 d5 3. c4 c6 4. g3 dxc4 5. Bg2 g6 6. 0-0 Bg7 7. Nbd2 b5 8. Ne5 Bb7 9. a4 Qxd4 10. Ndf3 Qxd1 11. Rxd1 Nfd7 12. Nxd7 Nxd7 13. Ng5 Nc5 14. axb5 cxb5 15. Bxb7 Nxb7 16. Rd5 Nd6 17. e4 h6 18. e5 hxg5 19. exd6 exd6 20. Rxb5 0-0 21. Rxg5 Rfe8 22. Kf1 Rab8 23. Ra2 c3 24. bxc3 Rb1 25. Rc2 Bh6 26. Kg2 Rxc1 0-1

[Event "Cullera Autonomico op"]
[Site "Cullera"]
[Date "1996.??.??"]
[Round "?"]
[White "Munoz Agullo, Jose Francisco"]
[Black "Coret Frasquet, Jose"]
[Result "1/2-1/2"]
[WhiteElo "2260"]
[BlackElo "2305"]
[PlyCount "91"]
[EventDate "1996.??.??"]
[EventType "swiss"]
[EventRounds "9"]
[EventCountry "ESP"]
[SourceTitle "EXT 2003"]
[Source "ChessBase"]
[SourceDate "2002.11.25"]
[SourceVersion "1"]
[SourceVersionDate "2002.11.25"]
[SourceQuality "1"]

1. d4 e6 2. Nf3 c5 3. c4 d5 4. cxd5 exd5 5. Nc3 Nc6 6. g3 Nf6 7. Bg2 Be7 8. 0-0 0-0 9. Bg5 cxd4 10. Nxd4 Qb6 11. Nxc6 bxc6 12. Na4 Qb5 13. Qc2 h6 14. Be3 Bg4 15. Nc3 Qa6 16. h3 Bh5 17. Bd4 Rfe8 18. Rac1 Rab8 19. Rfd1 Rb4 20. b3 Bd8 21. Bc5 Rb8 22. Rd2 Bb6 23. Bxb6 axb6 24. e3 Bg6 25. Qb2 Rbc8 26. Bf1 Qb7 27. a4 Qe7 28. b4 Ne4 29. Nxe4 Bxe4 30. Ra1 c5 31. bxc5 bxc5 32. a5 c4 33. Qc3 h5 34. Bg2 h4 35. Bxe4 dxe4 36. g4 Qg5 37. a6 Qc5 38. a7 Ra8 39. Ra5 Qc7 40. Rd4 Rxa7 41. Rxa7 Qxa7 42. Qxc4 Qb7 43. Qc5 Qe7 44. Qf5 Qe6 45. Qf4 f6 46. Kg2 1/2-1/2